| Tag |
First Indicator |
Second Indicator |
Subfields |
| LEADER |
00000cam a2200000Ia 4500 |
| 001 |
in00001691721 |
| 005 |
20190207100327.0 |
| 008 |
840907s1978 txua 001 0 eng d |
| 035 |
|
|
|a (OCoLC)ocm11131307
|
| 040 |
|
|
|a CUF
|c CUF
|d TXA
|d UtOrBLW
|
| 049 |
|
|
|a TXAM
|
| 090 |
|
|
|a TX840.F6
|b G73 1978
|
| 100 |
1 |
|
|a McCann, Anne Lindsay Greer.
|
| 245 |
1 |
0 |
|a Culinary renaissance :
|b creative recipe ideas inspired by the food processor /
|c by Anne Lindsay Greer.
|
| 250 |
|
|
|a 3rd. rev. print.
|
| 264 |
|
1 |
|a San Antonio, Tex. :
|b Culinary Renaissance,
|c 1978.
|
| 300 |
|
|
|a viii, 276 pages, 9 unnumbered pages :
|b illustrations ;
|c 22 cm.
|
| 336 |
|
|
|a text
|b txt
|2 rdacontent
|
| 337 |
|
|
|a unmediated
|b n
|2 rdamedia
|
| 338 |
|
|
|a volume
|b nc
|2 rdacarrier
|
| 500 |
|
|
|a The Cushing Library/Chapman Texas Collection copy is part of the Floyd & Louise Chapman Texas & Borderlands Collection.
|5 TXA
|
| 500 |
|
|
|a Includes indexes.
|
| 500 |
|
|
|a "The Texas Cookbook Collection."
|
| 536 |
|
|
|a Cushing Library Texas copy was donated 1999 by Ona Stribling Beams, Dallas, Texas, in memory of George William Beams, Class of 1929.
|
| 650 |
|
0 |
|a Cooking, American.
|
| 650 |
|
0 |
|a Food processor cooking.
|
| 994 |
|
|
|a E0
|b TXA
|
| 948 |
|
|
|a cataloged
|b h
|c 2002/6/4
|d c
|e nrodrigu
|f 10:48:21 am
|
| 999 |
|
|
|a MARS
|
| 999 |
f |
f |
|s b80a6911-46ae-3b9a-bab1-ff708094dd6a
|i c9f29cae-411d-3ab5-9895-922bc6cdfd05
|t 0
|
| 952 |
f |
f |
|p ric
|a Texas A&M University
|b Rellis Campus
|c Joint Library Facility
|d Remote Storage
|t 0
|e TX840.F6 G73 1978
|h Library of Congress classification
|i unmediated -- volume
|m A14837264585
|
| 952 |
f |
f |
|p noncirc
|a Texas A&M University
|b College Station
|c Cushing Memorial Library & Archives
|d Cushing: Chapman Texas Collection (Does not check out)
|t 0
|e TX840.F6 G73 1978
|h Library of Congress classification
|i unmediated -- volume
|
| 998 |
f |
f |
|a TX840.F6 G73 1978
|t 0
|l Remote Storage
|
| 998 |
f |
f |
|a TX840.F6 G73 1978
|t 0
|l Cushing: Chapman Texas Collection (Does not check out)
|